Countries of the World - Three Minute 45 Second Sprint - Statistics

General Stats
  • This quiz has been taken 4,578 times
  • The average score is 103 of 196
Answer Stats
country % Correct
United States
89%
United Kingdom
87%
Canada
83%
China
83%
Russia
80%
France
79%
Mexico
76%
Japan
75%
Brazil
74%
Germany
74%
Spain
74%
Australia
73%
Finland
73%
India
73%
Sweden
73%
Ireland
72%
Norway
71%
Andorra
70%
Argentina
70%
Italy
69%
Albania
68%
Austria
68%
Chile
68%
Denmark
67%
Iceland
67%
Iran
66%
Iraq
66%
Peru
66%
Portugal
66%
Ukraine
66%
Afghanistan
64%
Algeria
64%
South Korea
64%
Cuba
63%
Poland
63%
North Korea
62%
Belgium
61%
Egypt
61%
Estonia
61%
Greece
61%
Latvia
61%
Oman
60%
Colombia
59%
Democratic Republic of the Congo
59%
Haiti
59%
United Arab Emirates
59%
Yemen
59%
Bolivia
58%
Indonesia
58%
Niger
58%
Belarus
57%
Belize
57%
Chad
57%
Fiji
57%
Laos
57%
Lithuania
57%
Serbia
57%
Thailand
57%
Turkey
57%
Uruguay
57%
Armenia
56%
Congo
56%
Israel
56%
Mongolia
56%
Netherlands
56%
New Zealand
56%
Pakistan
56%
Panama
56%
Paraguay
56%
Bhutan
55%
Cambodia
55%
Honduras
55%
Hungary
55%
Nepal
55%
Nigeria
55%
Romania
55%
Slovakia
55%
Vietnam
55%
Bahamas
54%
Bosnia and Herzegovina
54%
Bulgaria
54%
Croatia
54%
Ecuador
54%
Libya
54%
Mali
54%
Slovenia
54%
Sudan
54%
Venezuela
54%
Antigua and Barbuda
53%
Dominica
53%
Guyana
53%
Jamaica
53%
Malta
53%
Monaco
53%
Vatican City
53%
Jordan
52%
Morocco
52%
South Africa
52%
Syria
52%
Angola
51%
Azerbaijan
51%
Costa Rica
51%
Cyprus
51%
Ghana
51%
Guatemala
51%
Saudi Arabia
51%
Togo
51%
Bahrain
50%
Kosovo
50%
Malaysia
50%
Qatar
50%
Samoa
50%
Tonga
50%
Benin
49%
Brunei
49%
Burma
49%
Lebanon
49%
San Marino
49%
Suriname
49%
Switzerland
49%
Barbados
48%
Central African Republic
48%
Czechia
48%
Dominican Republic
48%
Kuwait
48%
Nauru
48%
Palau
48%
Singapore
48%
South Sudan
48%
Bangladesh
47%
El Salvador
47%
Guinea
47%
Moldova
47%
Nicaragua
47%
St Kitts and Nevis
47%
Taiwan
47%
Georgia
46%
Kazakhstan
46%
Kenya
46%
Luxembourg
46%
Sri Lanka
46%
St Lucia
46%
Tunisia
46%
Tuvalu
46%
Trinidad and Tobago
45%
Grenada
44%
Vanuatu
44%
Zambia
44%
Lesotho
43%
Philippines
43%
St Vincent and the Grenadines
43%
Ethiopia
42%
Gambia
42%
Liechtenstein
42%
Montenegro
42%
Gabon
41%
Macedonia
41%
Somalia
41%
Timor-Leste
41%
Turkmenistan
41%
Uzbekistan
41%
Zimbabwe
41%
Burundi
40%
Cameroon
40%
Eritrea
40%
Rwanda
40%
Tajikistan
40%
Uganda
40%
Djibouti
39%
Guinea-Bissau
39%
Kiribati
39%
Liberia
39%
Madagascar
39%
Maldives
39%
Papua New Guinea
39%
Comoros
38%
Eswatini
38%
Mauritania
38%
Namibia
38%
Senegal
38%
Botswana
37%
Malawi
37%
Micronesia
37%
Tanzania
37%
Cabo Verde
36%
Kyrgyzstan
35%
São Tomé and Príncipe
35%
Seychelles
35%
Mauritius
34%
Côte d'Ivoire
31%
Mozambique
31%
Solomon Islands
31%
Burkina Faso
30%
Sierra Leone
30%
Equatorial Guinea
29%
Marshall Islands
29%
No matching quizzes found
Score Distribution
Percent of People with Each Score
Percentile by Number Answered
Your Score History
You have not taken this quiz